Geography Quiz

Random Geography or City Quiz

US Interstates Quiz Stats

 Plays Quiz not verified by Sporcle

Also try: US States
Challenge
Share
Tweet
Embed
Score 0/26 Timer 05:00
0 Plays Today
Hint Answer % Correct
I-35San Antonio, TX
91.3%
I-90Seattle, WA
87.5%
I-90Boston, MA
87.5%
I-90Chicago, IL
83.8%
I-10Houston, TX
75%
I-10Los Angeles, CA
73.8%
I-10Jacksonville, FL
72.5%
I-35Oklahoma City, OK
71.3%
I-65Nashville, TN
68.8%
I-65Indianapolis, IN
65%
I-35Kansas City, Mo
62.5%
I-10New Orleans, LA
61.3%
I-90Buffalo, WY
58.8%
Hint Answer % Correct
I-35Des Moines, IA
57.5%
I-35Wichita, KS
56.3%
I-10Mobile, AL
52.5%
I-65Birmingham, AL
52.5%
I-65Montgomery, AL
47.5%
I-65Gary, IN
43.8%
I-90Toledo, OH
36.3%
I-90Syracuse, NY
35%
I-65Huntsville, AL
33.8%
I-65Louisville, KY
31.3%
I-35Albert Lea, MN
25%
I-10Las Cruces, NM
12.5%
I-90Lake Station, IN
6.3%

You're not logged in!

Compare scores with friends on all Sporcle quizzes.
Join for Free
OR
Log In

You Might Also Like...

Show Comments

Extras

Top Quizzes Today


Score Distribution

Your Account Isn't Verified!

In order to create a playlist on Sporcle, you need to verify the email address you used during registration. Go to your Sporcle Settings to finish the process.

Report this User

Report this user for behavior that violates our Community Guidelines.

Details: